| 000 | 00394nam a2200181Ia 4500 | ||
|---|---|---|---|
| 005 | 20240823012902.0 | ||
| 008 | 240823s9999||||xx |||||||||||||| ||und|| | ||
| 041 | _aENGLISH | ||
| 082 | _A220 | ||
| 100 | _a"Bradford,Barbara Taylor" | ||
| 245 | 0 | _aAngel | |
| 250 | _a1st | ||
| 260 | _b"Harper Collins,New" | ||
| 500 | _aYES | ||
| 650 |
_aStory _bGeneral |
||
| 942 | _cBK | ||
| 999 |
_c165671 _d165671 |
||